Pla d'equipaments culturals de Ripollet
Publicado:
Barcelona :
Diputació de Barcelona. Àrea de Cultura. Centre d'Estudis i Recursos Culturals (CERC), [s.a.]
Descripción Física:
130 p. : il. col. , quadres, taules ; 29 cm
MARC
| LEADER | 00000nam a2200000Ia 4500 | ||
|---|---|---|---|
| 001 | 23790 | ||
| 008 | 160829s9999 xx 000 0 cat d | ||
| 080 | |a Bib-41 | ||
| 245 | |a Pla d'equipaments culturals de Ripollet | ||
| 260 | |a Barcelona : |b Diputació de Barcelona. Àrea de Cultura. Centre d'Estudis i Recursos Culturals (CERC), [s.a.] | ||
| 300 | |a 130 p. : |b il. col. , quadres, taules ; |c 29 cm | ||
| 650 | |a Equipaments culturals -- Ripollet |9 50261 | ||
| 651 | 0 | |a Ripollet (Catalunya) |x Política cultural |9 55159 | |
| 710 | 1 | |a Barcelona (Catalunya : Província). |b Centre d'Estudis i Recursos Culturals |9 52487 | |
| 710 | |a Ripollet (Catalunya). |b Ajuntament |9 55414 | ||
| 901 | |a Arxiu | ||
| 942 | |n 1 | ||
| 952 | |0 0 |1 0 |4 0 |6 BIB41 |7 1 |9 55915 |a Arxiu |b Arxiu |d 2016-12-01 |l 0 |o Bib-41 |p 23790 |r 2016-12-01 00:00:00 |w 2016-12-01 |y ARXIU | ||
| 999 | |c 59788 |d 59788 | ||